Comprehensive Design of Steel Structures (Record no. 14671)
[ view plain ]
| 000 -LEADER | |
|---|---|
| fixed length control field | 00405nam a22001577a 4500 |
| 020 ## - INTERNATIONAL STANDARD BOOK NUMBER | |
| ISBN | 9788131806456 |
| 082 ## - DEWEY DECIMAL CLASSIFICATION NUMBER | |
| Classification number | 624.1834 |
| Item number | PUN/DE |
| 100 ## - MAIN ENTRY--AUTHOR NAME | |
| Personal name | Punmia B.C. |
| 100 ## - MAIN ENTRY--AUTHOR NAME | |
| Personal name | Jain,Ashok Kumar |
| 100 ## - MAIN ENTRY--AUTHOR NAME | |
| Personal name | Jain,Arun kumar |
| 245 ## - TITLE STATEMENT | |
| Title | Comprehensive Design of Steel Structures |
| 250 ## - EDITION STATEMENT | |
| Edition statement | 2 nd |
| 260 ## - PUBLICATION, DISTRIBUTION, ETC. (IMPRINT) | |
| Place of publication | Bangalore |
| Name of publisher | Laxmi Publications (P) Ltd |
| Year of publication | 2011 |
| 300 ## - PHYSICAL DESCRIPTION | |
| Number of Pages | 1156 |
| 942 ## - ADDED ENTRY ELEMENTS (KOHA) | |
| Koha item type | Books |
| Withdrawn status | Lost status | Damaged status | Collection code | Home library | Current library | Shelving location | Date acquired | Source of acquisition | Cost, normal purchase price | Full call number | Accession Number | Koha item type |
|---|---|---|---|---|---|---|---|---|---|---|---|---|
| KAUAET | KAUAET | General Stacks | 25/07/2016 | Penta Books Distributors, Calicut. | 0.00 | 624.1834 PUN/DE | 24182 | Books |
